Mecklenburg zur Zeit von König und Kaiser Sigmund (1410-1437)
| Titel: | Mecklenburg zur Zeit von König und Kaiser Sigmund (1410-1437) |
|---|---|
| Verfasser: | |
| In: |
Das Zeitalter König Sigmunds in Ungarn und im Deutschen Reich, (2000), Seite 181-190 alle Artikel anzeigen |
| Veröffentlicht: | 2000 |
| Format: | Aufsatz |
| Sprache: | Deutsch |
X
alg: 39252139 001A $01999:11-11-16 001B $01999:27-04-21 $t20:49:42.000 001D $01999:11-11-16 001U $0utf8 001X $00 002@ $0Aox 003@ $0392521393 007A $0392521393 $aHEB 007T $0Herdc0063152m 010@ $ager 011@ $a2000 021A $aMecklenburg zur Zeit von König und Kaiser Sigmund (1410-1437) 028A $aMünch $dErnst 031A $h181-190 $j2000 039B $aIn $8--Aau--. Das @Zeitalter König Sigmunds in Ungarn und im Deutschen Reich. - Debrecen : Debrecen Univ. Press, 2000. - 218 S.. - ISBN 963-472-451-5 $x200000000000000819 $9100729169 045F $a307.0943816 $eDDC23BSB 045F/01 $a307.09 045F/03 $g43816 lok: 39252139 78 exp: 39252139 78 1 #EPN 201B/01 $005-07-18 $t23:20:38.000 201U/01 $0utf8 203@/01 $0788619276 208@/01 $a11-11-16 $be 209A/01 $a/ $f000 $x00 220C/01 $aTitelaufnehmer: nk;tn 220C/01 $aHerkunft: HI Marburg 244Z/01 $2Trx $#Pomeranija $#Pommern $#Pomoransko $#Pomořansko $#Hinterpommern;Vorpommern;Mittelpommern $#Pomorze Środkowe;Pomorze Przednie $#Pomořansko;Západní Pomořany; Pomořany $8--Trx--Pomorze Zachodnie $x01 $9391303775 244Z/01 $2Trx $#Meklemburgia $#Mecklenbursko $8--Trx--Mecklenburg$gLand $x02 $9391190563 244Z/01 $aGeschichte 1410-1437 $x03 244Z/01 $#Sigmund$#Siegmund $#Sigismundus $#Sigismundus $#Sigismundus $#Sigismundus Imperator Romae $#Sigmund $#Sigismund $#Sigismund $#Sigismund $#Sigismond $#Zygmunt Luksemburski $#Zikmund Lucemburský $#Zsigmond $#Sigismund $#Siegmund $#Žigmund Luxemburský $#Sigismundus $#Luxemburg, Sigismund von $#Luxemburg, Siegmund von $#Luxemburg, Zikmund von $#Luxemburg, Zsigmond von $#Luksemburški, Žigmund $#Sigismund $#Sigmund $#Sigmund $#Sigismund $#Siegmund $#Sigismundus $7118614185 $8--Tp1--$PSigismund$lHeiliges Römisches Reich, Kaiser$Z1368-1437 $x04 $9086955136 244Z/01 $2Trx $#kuningad, Rooma-Saksa $#Romos vokiečių karaliai $#kings, Roman-German $#királyok, német-római $#królowie rzymsko-niemieccy $#králi rímsko-nemeckí $#králové římsko-němečtí $8--Trx--Könige, römisch-deutsche $x05 $939137141X 244Z/01 $2Trx $#suhted, Mecklenburg-Pommern $#santykiai, Meklemburgo ir Pomeranijos $#relations, Mecklenburgian-Pomeranian $#kapcsolatok, mecklenburgi-pomerániai $#stosunki meklembursko-pomorskie $#vzťahy meklenbursko-pomoranské $#vztahy meklenbursko-pomořanské $8--Trx--Beziehungen, mecklenburgisch-pommersche $x06 $9391379771 244Z/01 $2Trx $8--Trx--Einzelbeiträge $x07 $9391384570 245Z/01 $a09.02 $x01 247C/01 $82080>Marburg/Lahn, Herder-Institut, Forschungsbibliothek, Bibliographieportal $9336309341
| LEADER | 00000caa a22000002c 4500 | ||
|---|---|---|---|
| 001 | 392521393 | ||
| 003 | DE-603 | ||
| 005 | 20210427204942.0 | ||
| 007 | tu | ||
| 008 | 161111s2000 xx |||| | u00||u|ger c | ||
| 035 | |a (DE-599)HEB392521393 | ||
| 040 | |a DE-603 |b ger |c DE-603 |d DE-603 | ||
| 041 | |a ger | ||
| 082 | 0 | 4 | |8 1\u |a 307.0943816 |q DE-101 |2 23/BSB |
| 085 | |8 1\u |b 307.09 | ||
| 085 | |8 1\u |z 2 |s 43816 | ||
| 100 | 1 | |a Münch, Ernst | |
| 245 | 0 | 0 | |a Mecklenburg zur Zeit von König und Kaiser Sigmund (1410-1437) |
| 264 | 0 | |c 2000 | |
| 773 | 0 | 8 | |i In |t Das Zeitalter König Sigmunds in Ungarn und im Deutschen Reich |d Debrecen : Debrecen Univ. Press, 2000 |h 218 S. |z 9634724515 |g (2000), Seite 181-190 |w (DE-603)100729169 |
| 924 | 0 | |9 2080 |a (DE-603)788619276 |b DE-2080 |c HES |d d |g / | |


